Every Men's French Open Quarter Finalist - Statistics

General Stats
  • This quiz has been taken 44 times
  • The average score is 66 of 178
Answer Stats
# Player % Correct
16 Rafael Nadal
100%
17 Novak Djokovic
97%
12 Roger Federer
97%
7 Andy Murray
92%
7 Björn Borg
92%
4 John McEnroe
89%
5 Stanislas Wawrinka
89%
9 Andre Agassi
87%
4 Pete Sampras
87%
3 Andrei Medvedev
84%
1 Daniil Medvedev
84%
4 Boris Becker
82%
2 Rod Laver
82%
4 Stefan Edberg
79%
6 David Ferrer
76%
5 Dominic Thiem
76%
8 Jimmy Connors
76%
3 Jo-Wilfried Tsonga
76%
5 Alexander Zverev
74%
3 Marin Čilić
74%
3 Stefanos Tsitsipas
74%
2 Arthur Ashe
71%
2 Casper Ruud
71%
7 Ivan Lendl
71%
1 Jannik Sinner
71%
4 Juan Carlos Ferrero
71%
7 Mats Wilander
71%
4 Carlos Moyà
68%
3 Juan Martín del Potro
68%
2 Lleyton Hewitt
68%
5 Yannick Noah
68%
4 Gaël Monfils
66%
5 Gustavo Kuerten
66%
5 Ilie Năstase
66%
1 John Newcombe
66%
4 Michael Chang
66%
2 Stan Smith
66%
2 Carlos Alcaraz
63%
5 Jim Courier
63%
5 Yevgeny Kafelnikov
63%
2 Andrey Rublev
61%
9 Guillermo Vilas
61%
1 Patrick Rafter
61%
3 Robin Söderling
61%
3 Thomas Muster
61%
1 Tim Henman
61%
4 Albert Costa
58%
1 Gastón Gaudio
58%
3 Goran Ivanišević
58%
2 Holger Rune
58%
4 Jan Kodeš
58%
2 Marat Safin
58%
3 Tomáš Berdych
58%
5 Adriano Panatta
55%
1 Matteo Berrettini
55%
2 Michael Stich
55%
4 Sergi Bruguera
55%
1 Fabio Fognini
53%
3 Kei Nishikori
53%
2 Ken Rosewall
53%
4 Manuel Orantes
53%
3 Diego Schwartzman
50%
1 Petr Korda
50%
3 Vitas Gerulaitis
50%
2 David Nalbandian
47%
1 Richard Gasquet
47%
2 Richard Krajicek
47%
4 Andrés Gómez
45%
1 Tommy Haas
45%
5 Àlex Corretja
42%
3 Fernando González
42%
2 Guillermo Coria
42%
2 Karen Khachanov
42%
1 Milos Raonic
42%
4 Nikolay Davydenko
42%
1 Pancho Gonzales
42%
3 Andrés Gimeno
39%
1 Mariano Puerta
39%
1 David Goffin
37%
5 Henri Leconte
37%
2 Magnus Norman
37%
2 Marcelo Ríos
37%
2 Pablo Carreño Busta
37%
1 Emilio Sánchez
34%
5 Tommy Robredo
34%
2 Ernests Gulbis
32%
1 Johan Kriek
32%
1 Martin Verkerk
32%
1 Brian Gottfried
29%
2 Cédric Pioline
29%
1 Tony Roche
29%
1 Alberto Berasategui
26%
5 Harold Solomon
26%
1 Ivan Ljubičić
26%
1 Jürgen Melzer
26%
1 Marco Cecchinato
26%
1 Miloslav Mečíř
26%
3 Nicolás Almagro
26%
2 Sébastien Grosjean
26%
1 Alejandro Davidovich Fokina
24%
1 Félix Mantilla
24%
1 Mikael Pernfors
24%
1 Mikhail Youzhny
24%
2 Tom Okker
24%
1 Albert Ramos-Viñolas
21%
3 Guillermo Cañas
21%
1 Marc Rosset
21%
1 Mario Ančić
21%
2 Patrick Proisy
21%
1 Roy Emerson
21%
2 Victor Pecci Sr.
21%
1 Alex Metreveli
18%
1 Christophe Roger-Vasselin
18%
1 Joakim Nyström
18%
2 Jonas Svensson
18%
2 José Luis Clerc
18%
2 Juan Ignacio Chela
18%
1 Julien Benneteau
18%
1 Nikola Pilić
18%
1 Phil Dent
18%
5 Raúl Ramírez
18%
1 Tomás Martín Etcheverry
18%
3 Željko Franulović
18%
3 Andrei Chesnokov
16%
1 Dominik Hrbatý
16%
2 Filip Dewulf
16%
1 Igor Andreev
16%
1 Ion Țiriac
16%
4 José Higueras
16%
2 Karel Nováček
16%
1 Magnus Larsson
16%
1 Thierry Champion
16%
2 Wojciech Fibak
16%
1 Andrei Pavel
13%
1 Fernando Meligeni
13%
1 Franco Squillari
13%
1 Ivan Mancini
13%
1 Jay Berger
13%
1 Martín Jaite
13%
1 Onny Parun
13%
1 Roger Taylor
13%
1 Victor Hănescu
13%
4 Eddie Dibbs
11%
2 François Jauffret
11%
1 Goran Prpić
11%
1 Henrik Sundström
11%
2 Hicham Arazi
11%
1 Jakob Hlasek
11%
1 Renzo Furlan
11%
1 Cliff Richey
8%
2 Corrado Barazzutti
8%
1 Georges Goven
8%
1 Guillermo Pérez Roldán
8%
3 Hans Gildemeister
8%
1 Jimmy Arias
8%
1 Marcelo Filippini
8%
1 Peter McNamara
8%
1 Ronald Agénor
8%
1 Adrian Voinea
5%
1 Andrei Cherkasov
5%
2 Balázs Taróczy
5%
1 Bernd Karbacher
5%
1 Dick Stockton
5%
1 Franco Davín
5%
1 Frank Froehling
5%
1 Galo Blanco
5%
1 Hendrik Dreekmann
5%
1 Martin Mulligan
5%
1 Nicklas Kulti
5%
1 Paolo Bertolucci
5%
1 Tom Gorman
5%
1 Boro Jovanović
3%
1 Fred Stolle
3%
1 Hans-Jürgen Pohmann
3%
1 István Gulyás
3%
1 John Andrews
3%
1 Patricio Cornejo
3%
1 Thomaz Koch
3%
No matching quizzes found
Score Distribution
Percent of People with Each Score
Percentile by Number Answered
Your Score History
You have not taken this quiz